Năng lượng cho thế kỷ 21 : Những thách thức và triển vọng
Cuốn sách nêu ra những vấn đề năng lượng cho thế kỷ 21, những tồn tại, thách thức và triển vọng sáng sủa trong việc hóa giải các thách thức để giải quyết vấn đề năng lượng cho tương lai lâu dài của loài người. Một số điển hình trên...
Bewaard in:
| Hoofdauteur: | |
|---|---|
| Formaat: | Boek |
| Taal: | Undetermined |
| Gepubliceerd in: |
Hà Nội
Khoa học và Kỹ thuật
2009
|
| Onderwerpen: | |
| Tags: |
Voeg label toe
Geen labels, Wees de eerste die dit record labelt!
|
| Thư viện lưu trữ: | Trung tâm Học liệu Trường Đại học Cần Thơ |
|---|
| LEADER | 01254nam a2200217Ia 4500 | ||
|---|---|---|---|
| 001 | CTU_154882 | ||
| 008 | 210402s9999 xx 000 0 und d | ||
| 020 | |c 72000 | ||
| 082 | |a 333.79 | ||
| 082 | |b Th407 | ||
| 100 | |a Hồ, Sĩ Thoảng | ||
| 245 | 0 | |a Năng lượng cho thế kỷ 21 : | |
| 245 | 0 | |b Những thách thức và triển vọng | |
| 245 | 0 | |c Hồ Sĩ Thoảng, Trần Mạnh Trí | |
| 260 | |a Hà Nội | ||
| 260 | |b Khoa học và Kỹ thuật | ||
| 260 | |c 2009 | ||
| 520 | |a Cuốn sách nêu ra những vấn đề năng lượng cho thế kỷ 21, những tồn tại, thách thức và triển vọng sáng sủa trong việc hóa giải các thách thức để giải quyết vấn đề năng lượng cho tương lai lâu dài của loài người. Một số điển hình trên Thế giới sử dụng các nguồn năng lượng mới đã được giới thiệu, cho nhiều bài học sinh động để cùng nhau suy ngẫm và hành động. | ||
| 650 | |a Power resources,Natural resources,Energy policy | ||
| 904 | |i Giang | ||
| 980 | |a Trung tâm Học liệu Trường Đại học Cần Thơ | ||